Les 10 pays où l'on vit le moins longtemps - Statistiques

Statistiques générales
  • Ce quiz a été pris 49 fois
  • Le résultat moyen est 6 sur 10
Statistiques - réponses
Hint Réponse % Correct
7) 55,9 ans Somalie
81%
3) 52,6 ans Tchad
79%
8) 56,3 ans Soudan du Sud
70%
4) 53 ans Nigeria
67%
10) 57,1 ans Burundi
60%
1) 51,4 ans République centrafricaine
56%
6) 53,7 ans Lesotho
53%
2) 51,4 ans Sierra Leone
53%
9) 57 ans Guinée-Bissau
42%
5) 53,1 ans Côte d'Ivoire
40%
Aucun quiz correspondant
Distribution des résultats
% des personnes avec chaque résultat
Percentile par nombre de réponses
Votre historique - résultats
Vous n’avez pas pris ce quiz